Milujeme a (ne)množíme sa

Evoluční biológovia riešia, prečo čím je bohatšia ľudská spoločnosť, tým menej detí "vyprodukuje". Podľa G. Friedmana veľkosť rodín odjakživa určovala ekonomika. Sex nie je iba na plodenie. Materstvo už nie je celoživotným poslaním ženy. Rast rozvodovosti. Budeme najstarší v Európe.

Enregistré dans:
Détails bibliographiques
Auteur principal: Jurina, Ľubomír
Format: Chapitre de livre
Langue:slovaque
Sujets:
Tags: Ajouter un tag
Pas de tags, Soyez le premier à ajouter un tag!

MARC

LEADER 00000naa a2200000 4500
001 0182021
005 20231113081310.1
041 0 |a slo 
044 |a SK 
245 1 0 |a Milujeme a (ne)množíme sa  |c Ľubomír Jurina 
520 |a Evoluční biológovia riešia, prečo čím je bohatšia ľudská spoločnosť, tým menej detí "vyprodukuje". Podľa G. Friedmana veľkosť rodín odjakživa určovala ekonomika. Sex nie je iba na plodenie. Materstvo už nie je celoživotným poslaním ženy. Rast rozvodovosti. Budeme najstarší v Európe. 
610 2 0 |a demografia 
610 2 0 |a populácia 
610 2 0 |a pôrodnosť 
610 2 0 |a deti 
610 2 0 |a vývoj populačný 
610 2 0 |a Slovensko 
100 1 |a Jurina, Ľubomír